Football: Equipes Nationales entraînées par Claude Le Roy - Statistiques

Statistiques générales
  • Ce quiz a été pris 45 fois
  • Le résultat moyen est 5 sur 9
Statistiques - réponses
Réponse % Correct
Sénégal
93%
Cameroun
83%
Togo
78%
Congo
76%
Ghana
76%
RD Congo
76%
Malaisie
7%
Oman
7%
Syrie
7%
Aucun quiz correspondant
Distribution des résultats
% des personnes avec chaque résultat
Percentile par nombre de réponses
Votre historique - résultats
Vous n’avez pas pris ce quiz